| 000 | 00424nam a2200145Ia 4500 | ||
|---|---|---|---|
| 008 | 210210b1980 xxu||||| |||| 00| 0 eng d | ||
| 020 | _a0 7134 1233 X | ||
| 082 | _a410 DEJT | ||
| 100 | _aDE JOIA (Alex) and STENTON (Adrian). | ||
| 245 | _aTerms in systematic linguistics: a guide to halliday. | ||
| 260 |
_aLondon. _bBastford Academic & Educational Ltd. _c1980 |
||
| 300 | _a158 | ||
| 690 | _aLinguistics | ||
| 906 | _a042856 | ||
| 999 |
_c92381 _d92381 |
||